000 00646nam a2200229Ii 4500
003 JO-AjNU
008 230606s9999||||xx |||||||||||||| ||und||
020 _a978-0-07-05911-6
040 _aJO-AjNU
_beng
_erda
_cJO-AjNU
041 _aeng
050 1 4 _aQA76.9.2006
100 3 _aISRD Group,
_eauthor
_9224
245 0 0 _a introducation DATABASE MANAGEMENT SYSTEM
250 _a2 ed
264 3 1 _aMCGRAW-HILL HIGHER EducaTION:London.1997
300 _a338p
336 _atext
_btxt
_2rdacontent
337 _aunmediated
_bn
_2rdamedia
338 _avolume
_bnc
_2rdacarrier
490 0 _aACE SERIES
650 4 _aDATABASE MANAGEMENT SYSTEM
_9225
999 _aE118
_c118
_d118